| 000 | 00915nas a2200277 4500 | ||
|---|---|---|---|
| 001 | BR2014000996 | ||
| 003 | BR-BrBNA | ||
| 005 | 20231205123713.0 | ||
| 007 | ta | ||
| 008 | 230509b bl.|||p| |||| 00| 00por d | ||
| 040 |
_aBR-BrBNA _bpor _cBiblioteca Nacional de Agricultura |
||
| 041 | _a(Pt) | ||
| 072 | _aE16; M12 | ||
| 100 | 1 | _aHenriques, M.B. | |
| 100 | 1 | _aMachado, I.C. | |
| 100 | 1 | _aFagundes, L. | |
| 245 | 1 | _aAnálise econômica comparativa dos sistemas de cultivo integral e de "engorda" da ostra do mangue Crassostrea spp. no estuário de Cananéia, São Paulo, Brasil | |
| 650 | _aOSTRA | ||
| 650 | _aANÁLISE ECONÔMICA | ||
| 650 | _aENGORDA | ||
| 650 | _aRENTABILIDADE | ||
| 650 | _aSÃO PAULO | ||
| 773 | 0 |
_tBoletim do Instituto de Pesca (Brazil) _xISSN 0046-9939 _g(Oct-Dec 2010), v. 36(4) p. 307-316 _wBR2014000996 |
|
| 909 |
_a202311 _bLúcia _c55 _dLúcia Elande |
||
| 942 |
_2AGRIS _n0 _cANA |
||
| 999 |
_c235267 _d235267 |
||